Sports Quiz

Random Sports or College Quiz

Where did these Athletes go to College? Quiz Stats

 Plays Quiz not verified by Sporcle

Support Sporcle.
Go Orange.
Score 0/20 Timer 05:00
1 Play Today
Athlete % Correct
Kevin DurantTexas
97.7%
Mike VickVirginia Tech
95.4%
Carmelo AnthonySyracuse
94.5%
Adrian PetersonOklahoma
94.1%
Derrick RoseMemphis
91.9%
Matt RyanBoston College
91.8%
Aaron RodgersCalifornia
90.9%
Drew BreesPurdue
90.7%
Allen IversonGeorgetown
89.4%
Dwayne WadeMarquette
89.3%
Athlete % Correct
Clay MatthewsUSC
87.3%
LaDainian TomlinsonTCU
85.8%
Larry FitzgeraldPittsburgh
85.8%
Russell WestbrookUCLA
85.5%
Al HorfordFlorida
83.6%
Paul PierceKansas
81.1%
Ray AllenConnecticut
80.5%
Andre JohnsonMiami
74%
Brandon RoyWashington
63.1%
Arian FosterTennessee
62.5%

You're not logged in!

Compare scores with friends on all Sporcle quizzes.
OR
Log In

From the Vault

MLB Teams by Championship Years

by ibnba2ta

Imagine if being benched on the baseball team meant you had to just do crosswords all day.
Remove Ads.
Support Sporcle.
Get the best of Sporcle when you Go Orange. This ad-free experience offers more features, more stats, and more fun while also helping to support Sporcle. Thank you for becoming a member.

Show Comments

Extras

Created Feb 14, 2011ReportNominate
Tags:College Quiz, Athletes

Top Quizzes Today


Score Distribution

Your Account Isn't Verified!

In order to create a playlist on Sporcle, you need to verify the email address you used during registration. Go to your Sporcle Settings to finish the process.

Report this User

Report this user for behavior that violates our Community Guidelines.

Details: